[Event "Berezniki-ch"]
[Site "Berezniki"]
[Date "2001.??.??"]
[Round "7"]
[White "Kotelnikov, Evgeny"]
[Black "Zotov, Evgeny"]
[Result "1-0"]
[WhiteElo "2238"]
[BlackElo "2265"]
[PlyCount "67"]
[EventDate "2001.02.??"]
[EventType "swiss"]
[EventRounds "11"]
[EventCountry "RUS"]
[SourceTitle "EXT 2002"]
[Source "ChessBase"]
[SourceDate "2001.11.25"]
[SourceVersion "1"]
[SourceVersionDate "2001.11.25"]
[SourceQuality "1"]

1. Nf3 Nf6 2. g3 d5 3. Bg2 c5 4. d3 Nc6 5. Nbd2 e5 6. 0-0 Be7 7. e4 0-0 8. c3 dxe4 9. dxe4 Qc7 10. Qc2 a5 11. Nc4 Be6 12. Ne3 h6 13. Nh4 Rfd8 14. Nhf5 Bf8 15. f4 c4 16. Nh4 Bc5 17. f5 Nd4 18. cxd4 exd4 19. fxe6 dxe3 20. exf7+ Qxf7 21. Qe2 Rd3 22. Nf5 Qe6 23. Bxe3 Rxe3 24. Nxe3 Ng4 25. Rf3 Nxe3 26. Rxe3 Qb6 27. Re1 Rd8 28. Qxc4+ Kh8 29. Qb3 Qxb3 30. axb3 Rd3 31. Kf2 Rxb3 32. e5 Rxb2+ 33. R1e2 Rb6 34. Bd5 1-0

[Event "Berezniki-ch"]
[Site "Berezniki"]
[Date "2001.??.??"]
[Round "6"]
[White "Kozlov, Vladimir A"]
[Black "Kotelnikov, Evgeny"]
[Result "1-0"]
[WhiteElo "2220"]
[BlackElo "2238"]
[PlyCount "60"]
[EventDate "2001.02.??"]
[EventType "swiss"]
[EventRounds "11"]
[EventCountry "RUS"]
[SourceTitle "EXT 2002"]
[Source "ChessBase"]
[SourceDate "2001.11.25"]
[SourceVersion "1"]
[SourceVersionDate "2001.11.25"]
[SourceQuality "1"]

1. c4 e5 2. Nc3 f5 3. g3 Nf6 4. Bg2 Bc5 5. e3 0-0 6. Nge2 d6 7. 0-0 c6 8. d3 Bb6 9. b4 d5 10. cxd5 cxd5 11. Qb3 Be6 12. d4 e4 13. a4 Nc6 14. Ba3 Re8 15. a5 Bc7 16. Nb5 Bb8 17. Rfc1 Qd7 18. Rc2 g5 19. Rac1 Nh5 20. Bh3 Ng7 21. Kh1 Ne5 22. dxe5 d4 23. Qa4 d3 24. Ned4 dxc2 25. Qxc2 Bxe5 26. Qc5 Bf7 27. Bb2 a6 28. Na3 g4 29. Bf1 Rac8 30. Qb6 Ne6 1-0